1734 1640 1967 1108 1390 1471 1965 1109 1289 1831 1524 1874 1791 1433 1266 1068 1911 1956 1630 1347 1416 1049 1641 1303 1911 1187 1779 1634 1107 1589 1222 1374 1367 1011 1393 1017 1176 1189 1226 1747 1626 1570 1996 1975 1270 1477 1222 1627 1181 1586 1997 1383 1671 1990 1064 1033 1670 1095 1807 1769 1634 1570 1097 1445 1835 1852 1635 1003 1807 1203 1729 1561 1840 1064 1726 1725 1078 1215 1492 1454 1691 1157 1541 1632 1153 1219 1071 1281 1437 1558 1178 1523 1577 1433 1398 1396 1193 1414 1715 BCNSPRNW ULIB Ver.6.0+V

เปลี่ยนเป็นภาษาไทย

Change to English
 แสดงรายละเอียดบรรณานุกรม
  กลับหน้าหลัก

Brief Record : Get Marc (ISO 2709) : E-mail record : QR code < ปิดหน้าต่าง
LEADER : 00000nam 2200000uu 4500
001    13399120839
003     ULIB
008    121019s2548||||th 000 0 tha d
020    ^a9749273443
020    ^a9789749273449
050  4 ^aBQ6160^bม862ก ล.2 2548
100 0  ^aบูรพา ผดุงไทย
245 10 ^aเกิดแต่กรรม 2 กับแม่ชีธนพร(ทศพร)/^cบูรพา ผดุงไทย
250    ^aพิมพ์ครั้งที่ 7
260    ^aกรุงเทพฯ :^bมีเดียอ๊อฟมีเดียส์,^c2548
300    ^a160 หน้า^bภาพประกอบสี
650  7 ^aกรรม
945    ^p160^l0^i14910
995    ^aกัณชพร
999 ^a ใช้งานได้ทุกระบบ
รายการนี้ยังไม่มีแท็ก
คุณยังไม่ได้ล็อกอิน คุณสามารถมีกิจกรรมร่วมกับเว็บไซต์ได้ แต่ต้องล็อกอินก่อน ::
  ล็อกอิน

รายการสื่อสารสนเทศ

ลำดับที่ ประเภท เลขเรียก/บาร์โค้ด สถานที่ สถานะ
1. วิทยาศาสตร์การแพทย์ และสุขภาพ
วิทยาศาสตร์การแพทย์ และสุขภาพ
BQ6160 ม862ก ล.2 2548  
  Barcode: 14910
ห้องสมุดวิทยาเขตสวรรค์ประชารักษ์
►หนังสือทั่วไป
บนชั้น

รายการใกล้เคียง
    ผู้แต่ง [บูรพา ผดุงไทย]

    หัวเรื่อง [กรรม]

BibComment


ยังไม่เคยถูกคอมเมนท์

คอมเมนท์ทรัพยากรรายการนี้
  คอมเมนท์: เกิดแต่กรรม 2 กั..


 Copyright 2026. Bcnsprnw @Library